| 000 -CABECERA |
| campo de control de longitud fija |
01036nam a2200253 u 4500 |
| 001 - NÚMERO DE CONTROL |
| campo de control |
000062957 |
| 005 - FECHA Y HORA DE LA ÚLTIMA TRANSACCIÓN |
| campo de control |
20200120224306.0 |
| 008 - DATOS DE LONGITUD FIJA--INFORMACIÓN GENERAL |
| campo de control de longitud fija |
140802s2011 ck gr| 000 0 spa d |
| 041 0# - CÓDIGO DE LENGUA |
| Código de lengua del texto/banda sonora o título independiente |
Yspa |
| 043 ## - CÓDIGO DE ÁREA GEOGRÁFICA |
| Código de área geográfica |
c-k---- |
| 082 04 - NÚMERO DE LA CLASIFICACIÓN DECIMAL DEWEY |
| Número de clasificación |
305.8 |
| Número de documento/Ítem |
T82 |
| Número de edición |
21 |
| 245 10 - MENCIÓN DE TÍTULO |
| Título |
TV Étnica |
| Medio |
[videograbación] |
| 260 ## - PUBLICACIÓN, DISTRIBUCIÓN, ETC. |
| Lugar de publicación, distribución, etc. |
Bogotá : |
| Nombre del editor, distribuidor, etc. |
Ministerio de Cultura, |
| Fecha de publicación, distribución, etc. |
[2011?]. |
| 300 ## - DESCRIPCIÓN FÍSICA |
| Extensión |
2 DVD : |
| Otras características físicas |
son., col, ; |
| Material acompañante/anejo |
12 CM. |
| 490 #0 - MENCIÓN DE SERIE |
| Mención de serie |
la ventana |
| -- |
Cultura para ver |
| 500 ## - NOTA GENERAL |
| Nota general |
Incluye índice |
| 505 0# - NOTA DE CONTENIDO CON FORMATO |
| Información miscelánea |
DVD 1: Cap.1- El baile de los muertos ; cap.2- Tras la huella de los mokaná ; cap. 3- Letterfrom sea-- DVD 2: Cap.4- Hilando el pensamiento ; cap.5- Hijos de la madre tierra ; cap.6- Maíz, gestor de libertad. |
| 650 17 - PUNTO DE ACCESO ADICIONAL DE MATERIA--TÉRMINO DE MATERIA |
| Término de materia o nombre geográfico como elemento de entrada |
Identidad étnica |
| Fuente del encabezamiento o término |
LEMB |
| 650 27 - PUNTO DE ACCESO ADICIONAL DE MATERIA--TÉRMINO DE MATERIA |
| Término de materia o nombre geográfico como elemento de entrada |
Emisiones por televisión |
| Subdivisión general |
etnicidad |
| Fuente del encabezamiento o término |
LEMB |
| 650 27 - PUNTO DE ACCESO ADICIONAL DE MATERIA--TÉRMINO DE MATERIA |
| Término de materia o nombre geográfico como elemento de entrada |
Televisión |
| Subdivisión general |
difusión |
| -- |
etnicidad |
| Fuente del encabezamiento o término |
LEMB |
| 650 27 - PUNTO DE ACCESO ADICIONAL DE MATERIA--TÉRMINO DE MATERIA |
| Término de materia o nombre geográfico como elemento de entrada |
Televisión |
| Subdivisión general |
razas nativas |
| -- |
etnicidad |
| Fuente del encabezamiento o término |
LEMB |
| 650 27 - PUNTO DE ACCESO ADICIONAL DE MATERIA--TÉRMINO DE MATERIA |
| Término de materia o nombre geográfico como elemento de entrada |
Televisión |
| Subdivisión general |
razas aborígenes |
| -- |
etnicidad |
| Fuente del encabezamiento o término |
LEMB |
| 740 0# - PUNTO DE ACCESO ADICIONAL--TÍTULO RELACIONADO O ANALÍTICO NO CONTROLADO |
| Título relacionado o analítico no controlado |
Guía de contenidos - Ver No. topográfico 0216 G84 |